New perspectives microsoft office 365 & excel 2016 / (Record no. 36778)

MARC details
000 -LEADER
fixed length control field 00478nam a22001697a 4500
005 - DATE AND TIME OF LATEST TRANSACTION
control field 20241121184410.0
008 - FIXED-LENGTH DATA ELEMENTS--GENERAL INFORMATION
fixed length control field 241121b |||||||| |||| 00| 0 eng d
020 ## - INTERNATIONAL STANDARD BOOK NUMBER
ISBN 9781305880412
082 ## - DEWEY DECIMAL CLASSIFICATION NUMBER
Classification number 005.54
Item number PAR-M
100 ## - MAIN ENTRY--AUTHOR
Author Name Parsons
245 ## - TITLE STATEMENT
Title New perspectives microsoft office 365 & excel 2016 /
Statement of responsibility, etc. Oja, Carey
260 ## - PUBLICATION, DISTRIBUTION, ETC.
Place of Publication USA:
Name of publisher, distributor, etc. Cengage learning;
Date of publication, distribution, etc. 2017.
300 ## - PHYSICAL DESCRIPTION
Pages xiv,528 p. :
500 ## - GENERAL NOTE
General note include index.
650 ## - SUBJECT ADDED ENTRY--TOPICAL TERM
Subject / Department Microsoft Office
300 ## - PHYSICAL DESCRIPTION
-- ill;
-- 27 cm.
952 ## - LOCATION AND ITEM INFORMATION (KOHA)
-- 0
-- 0
952 ## - LOCATION AND ITEM INFORMATION (KOHA)
-- 0
-- 0
952 ## - LOCATION AND ITEM INFORMATION (KOHA)
-- 0
-- 0
Holdings
Lost status Damaged status Collection code Permanent Location Current Location Shelving Location Date acquired Full Call Number Accession No./Barcode Date last seen Copy number item type Koha item type
    CS/IT Superior Information Resource Center (SIRC) Superior University- Gold Campus Superior Information Resource Center (SIRC) Superior University- Gold Campus Microsoft Office 11/21/2024 005.54 PAR-M 2017 18299 11/21/2024 1 BOOK BOOK
    CS/IT Superior Information Resource Center (SIRC) Superior University- Gold Campus Superior Information Resource Center (SIRC) Superior University- Gold Campus Microsoft Office 11/21/2024 005.54 PAR-M 2017 18300 11/21/2024 2 BOOK BOOK
    CS/IT Superior Information Resource Center (SIRC) Superior University- Gold Campus Superior Information Resource Center (SIRC) Superior University- Gold Campus Microsoft Office 11/21/2024 005.54 PAR-M 2017 19370 07/01/2025 3 BOOK BOOK

Powered by Koha